هديه مجيديه (ترجمه) تحفهء اثناعشريه ;;; Hidayah Majidiyah (Translation) Tahfa Athna Ashariyah / (Record no. 86015)
[ view plain ]
| 000 -LEADER | |
|---|---|
| fixed length control field | 00940nam a2200217 4500 |
| 001 - CONTROL NUMBER | |
| control field | 86015 |
| 003 - CONTROL NUMBER IDENTIFIER | |
| rucl marc code | BD-RjUL |
| 005 - DATE AND TIME OF LATEST TRANSACTION | |
| control field | 20251202124032.0 |
| 008 - FIXED-LENGTH DATA ELEMENTS--GENERAL INFORMATION | |
| fixed length control field | 251202spk 1934|||||||| |||| 00| 0 urd d |
| 035 ## - SYSTEM CONTROL NUMBER | |
| System control number | (BD-RjUL) 86015 |
| 040 ## - CATALOGING SOURCE | |
| Original cataloging agency | BD-RjUL |
| Language of cataloging | eng |
| Transcribing agency | BD-RjUL |
| 041 ## - LANGUAGE CODE | |
| Language code of text/sound track or separate title | urd |
| 082 ## - DEWEY DECIMAL CLASSIFICATION NUMBER | |
| Edition number | 23 |
| Classification number | 297.83 |
| Author mark and year | DEH 1934 |
| 100 ## - MAIN ENTRY--PERSONAL NAME | |
| Personal name | دهلوی، شاه عبدالعزیز ;; Dehlvi, Shah Abdul Aziz |
| 9 (RLIN) | 17429 |
| 245 ## - TITLE STATEMENT | |
| Title | هديه مجيديه (ترجمه) تحفهء اثناعشريه ;;; Hidayah Majidiyah (Translation) Tahfa Athna Ashariyah / |
| Statement of responsibility, etc. | شاه عبدالعزیز دهلوی ؛ عبد المجيد خاں ;; Shah Abdul Aziz Dehlvi; Abdul Majeed Khan |
| 260 ## - PUBLICATION, DISTRIBUTION, ETC. (IMPRINT) | |
| Place of publication, distribution, etc. | Karachi : |
| Name of publisher, distributor, etc. | Almatabio wa karkhanah tijarah , |
| Date of publication, distribution, etc. | 1935 |
| 300 ## - PHYSICAL DESCRIPTION | |
| Pagination | 466 p. ; |
| Size | 23 cm |
| 650 ## - SUBJECT ADDED ENTRY--TOPICAL TERM | |
| Topical term or geographic name as entry element | Islamic sects |
| Form subdivision | Shi‘a–Sunni polemics / Comparative theology |
| 9 (RLIN) | 17430 |
| 700 ## - ADDED ENTRY--PERSONAL NAME | |
| Personal name | خاں ، عبد المجيد ;; Khan, Abdul Majeed |
| 942 ## - ADDED ENTRY ELEMENTS (KOHA) | |
| Source of classification or shelving scheme | Dewey Decimal Classification |
| Koha item type | Books |
| Lost status | Source of classification or shelving scheme | Damaged status | Not for loan | Collection code | Permanent Location | Current Location | Shelving location | Date acquired | Total Checkouts | Full call number | Date last seen | Copy number | Koha item type |
|---|---|---|---|---|---|---|---|---|---|---|---|---|---|
| Dewey Decimal Classification | Not For Loan | Non-fiction | Central Library, University of Rajshahi | Central Library, University of Rajshahi | Reading Room | 02/12/2025 | U 297.83 DEH 1934 | 02/12/2025 | C-1 | Books |